Every EA College Football Cover Athlete - Statistics

General Stats
  • This quiz has been taken 49 times
  • The average score is 14 of 31
Answer Stats
Game Answer Team Position System % Correct
College Football 25 TravisHunter Colorado CB/WR
92%
College Football 25 QuinnEwers Texas QB
89%
NCAA Football 13 RobertGriffin III Baylor QB
86%
College Football 25 DonovanEdwards Michigan RB
83%
NCAA Football 11 TimTebow Florida QB
83%
NCAA Football 07 ReggieBush USC RB
75%
NCAA Football 13 Barry Sanders Oklahoma State RB
67%
NCAA Football 09 MattRyan Boston College QB PS3
64%
NCAA Football 10 MichaelCrabtree Texas Tech WR Xbox 360
64%
NCAA Football 12 Mark Ingram II Alabama RB
61%
NCAA Football 2004 CarsonPalmer USC QB
56%
NCAA Football 99 CharlesWoodson Michigan CB
53%
NCAA Football 2005 LarryFitzgerald Pittsburgh WR
53%
NCAA Football 2000 RickyWilliams Texas RB
53%
NCAA Football 14 DenardRobinson Michigan QB
50%
NCAA Football 06 DesmondHoward Michigan WR
47%
NCAA Football 09 DarrenMcFadden Arkansas RB Xbox 360
44%
NCAA Football 2001 ShaunAlexander Alabama RB
33%
NCAA Football 10 BrianJohnson Utah QB PS3
31%
NCAA Football 12 DeMarcoMurray Oklahoma RB
28%
NCAA Football 09 DeSeanJackson California WR PS2
28%
NCAA Football 12 JakeLocker Washington QB
25%
NCAA Football 2003 JoeyHarrington Oregon QB
25%
NCAA Football 10 MarkSanchez USC QB PSP
22%
NCAA Football 2002 ChrisWeinke Florida State QB
19%
NCAA Football 12 NickFairley Auburn DT
19%
NCAA Football 10 BrianOrakpo Texas DE PS2
17%
NCAA Football 98 DannyWuerffel Florida QB
17%
NCAA Football 08 JaredZabransky Boise State QB
8%
NCAA Football 09 OwenSchmitt West Virginia FB PSP
6%
College Football USA 97 TommieFrazer Nebraska QB
0%
No matching quizzes found
Score Distribution
Percent of People with Each Score
Percentile by Number Answered
Your Score History
You have not taken this quiz